<?xml version="1.0" encoding="UTF-8"?>
<marc:record xmlns:marc="http://www.loc.gov/MARC21/slim">
   <marc:leader>00000nam a2200000 a 4500</marc:leader>
   <marc:datafield ind1="1" ind2=" " tag="100">
      <marc:subfield code="a">Kerr, Philip</marc:subfield>
      <marc:subfield code="4">aut</marc:subfield>
      <marc:subfield code="e">Verfasser/-in</marc:subfield>
   </marc:datafield>
   <marc:datafield ind1="1" ind2=" " tag="100">
      <marc:subfield code="a">Münch, Bettina</marc:subfield>
      <marc:subfield code="4">trl</marc:subfield>
      <marc:subfield code="e">Übersetzer/-in</marc:subfield>
   </marc:datafield>
   <marc:datafield ind1="1" ind2=" " tag="100">
      <marc:subfield code="a">Körting, Verena</marc:subfield>
      <marc:subfield code="4">ill</marc:subfield>
      <marc:subfield code="e">Illustrator/-in</marc:subfield>
   </marc:datafield>
   <marc:datafield ind1="0" ind2="0" tag="245">
      <marc:subfield code="a">Die Kinder des Dschinn</marc:subfield>
   </marc:datafield>
   <marc:datafield ind1="0" ind2="0" tag="245">
      <marc:subfield code="c">P. B. Kerr. Vignetten von Volker Fredrich</marc:subfield>
   </marc:datafield>
   <marc:datafield ind1=" " ind2="1" tag="264">
      <marc:subfield code="a">Hamburg</marc:subfield>
      <marc:subfield code="b">Oetinger</marc:subfield>
      <marc:subfield code="c">2012</marc:subfield>
   </marc:datafield>
   <marc:datafield ind1="1" ind2=" " tag="490">
      <marc:subfield code="a">Die Kinder des Dschinn</marc:subfield>
   </marc:datafield>
   <marc:datafield ind1="1" ind2=" " tag="520">
      <marc:subfield code="a">Angaben aus der Verlagsmeldung

Die Kinder des Dschinn - Die Kristalle des Khan Grave robbers of Genghis Khan / von P. B. Kerr

Spuckende Vulkane, kochende Lave, höchste Gefahr. Die magischen Zwillinge auf Weltrettungsreise. Überall auf der Erde brechen Vulkane aus und es droht eine gigantische Klimakatastrophe. Die magischen Zwillinge John und Philippa und ihr Onkel Nimrod finden heraus, dass die Vulkanausbrüche durch Kristalle verursacht werden, die in dem unbekannten Grab des Mongolen-Herrschers Dschingis Khan liegen sollen. Die Reise zur Rettung der Welt führt die drei über Afghanistan nach Australien, in die Mongolei und durch mancherlei Gefahren. Mehr als einmal schweben John, Philippa und ihre Helfer in Lebensgefahr. Und dann erfahren sie auch noch, dass einer alten Prophezeiung gemäß die Welt nur gerettet werden kann, wenn sich ein Dschinn-Zwillingspaar freiwillig opfert! Dieser Band aus der spannenden und äußerst erfolgreichen Abenteuerserie von P.B.Kerr über die Kinder des Dschinn bietet rasante Action vor der Kulisse bedrohlicher Naturgewalten und natürlich eine gute Portion Magie!
</marc:subfield>
   </marc:datafield>
   <marc:datafield ind1=" " ind2=" " tag="020">
      <marc:subfield code="a">9783789140365</marc:subfield>
      <marc:subfield code="9">9783789140365</marc:subfield>
   </marc:datafield>
   <marc:datafield ind1=" " ind2=" " tag="020">
      <marc:subfield code="a">3789140368</marc:subfield>
      <marc:subfield code="9">3789140368</marc:subfield>
   </marc:datafield>
   <marc:datafield ind1=" " ind2=" " tag="041">
      <marc:subfield code="a">ger</marc:subfield>
   </marc:datafield>
   <marc:datafield ind1=" " ind2=" " tag="300">
      <marc:subfield code="a">447 S.</marc:subfield>
   </marc:datafield>
</marc:record>
